00519nam a22001697a 450000500170000001000150001702000260003203500140005803700130007208200100008524500770009526000450017227000590021730000260027670000240030270000230032620180402172100.0 aENG-122439 a9788171392537c295.00 aEN-105971 bDBAD/PUB a570.3 aDictionary of biology /ced. by Haojam Rocky Singh [and] Richa Chowdhary aNew DelhibJnanada Prakashan (P&D)c2009 a4837/2, 24, Ansari Road, Daryaganj,bNew Delhie110002 a164p.bill.c21cm(Hb) dHaojam Rocky Singh  dChowdhary, Richa